Great conversation:Substance of liberal education (Record no. 36128)

MARC details
000 -LEADER
fixed length control field 00294nam a2200109Ia 4500
082 ## - DEWEY DECIMAL CLASSIFICATION NUMBER
Classification number 037
Item number HUT
100 ## - MAIN ENTRY--AUTHOR NAME
Personal name Hutchins, R M
245 #0 - TITLE STATEMENT
Title Great conversation:Substance of liberal education
260 ## - PUBLICATION, DISTRIBUTION, ETC. (IMPRINT)
Place of publication Chicago
Name of publisher William Benton
Year of publication 1952
942 ## - ADDED ENTRY ELEMENTS (KOHA)
Koha item type Books
Holdings
Withdrawn status Lost status Damaged status Not for loan Home library Current library Date acquired Cost, normal purchase price Full call number Accession Number Koha item type
        RRII Library RRII Library 16/12/2021 5000.00 037 HUT 16541 Books